[Event "New York 1924 Centennial"]
[Site "New York"]
[Date "2024.07.21"]
[Round "8"]
[White "Sochacki, Wojtek"]
[Black "Vinod, Aarush"]
[Result "1-0"]
[WhiteElo "2319"]
[BlackElo "2045"]
[PlyCount "75"]
[EventDate "2024.07.17"]
[EventType "swiss"]
[EventRounds "9"]
[EventCountry "USA"]
[SourceTitle "CBM 221 Extra"]
[Source "ChessBase"]
[SourceDate "2024.09.30"]
[SourceVersion "1"]
[SourceVersionDate "2024.09.30"]
[SourceQuality "1"]

1. c4 Nf6 2. Nc3 g6 3. g3 Bg7 4. Bg2 d6 5. d4 0-0 6. Nf3 Re8 7. 0-0 Bd7 8. e4 e5 9. h3 Qc8 10. Kh2 Nc6 11. Be3 exd4 12. Nxd4 Nxd4 13. Bxd4 c5 14. Bxf6 Bxf6 15. Qxd6 Bxc3 16. bxc3 Be6 17. f4 Rd8 18. Qe5 Bxc4 19. Rf2 b6 20. f5 Qb8 21. Qe7 Re8 22. Qh4 Qe5 23. Rd1 Qe7 24. f6 Qf8 25. e5 Be6 26. Bxa8 Rxa8 27. Rd6 h6 28. Rfd2 g5 29. Qh5 Re8 30. Qd1 Kh7 31. Qc2+ Kh8 32. Qa4 Qg8 33. Qxe8 Qxe8 34. Rd8 Qxd8 35. Rxd8+ Kh7 36. Ra8 Bxa2 37. Rxa7 Kg6 38. Rxa2 1-0

[Event "New York 1924 Centennial"]
[Site "New York"]
[Date "2024.07.19"]
[Round "5"]
[White "Sochacki, Christophe"]
[Black "Sochacki, Wojtek"]
[Result "1-0"]
[WhiteElo "2468"]
[BlackElo "2319"]
[PlyCount "43"]
[EventDate "2024.07.17"]
[EventType "swiss"]
[EventRounds "9"]
[EventCountry "USA"]
[SourceTitle "CBM 221 Extra"]
[Source "ChessBase"]
[SourceDate "2024.09.30"]
[SourceVersion "1"]
[SourceVersionDate "2024.09.30"]
[SourceQuality "1"]

1. e4 e5 2. Nf3 Nc6 3. Bb5 Nf6 4. 0-0 Nxe4 5. Re1 Nd6 6. Nxe5 Be7 7. Bf1 0-0 8. d4 Nf5 9. Nc3 d5 10. Nf3 Be6 11. Ne2 g5 12. c3 a5 13. Qb3 Ra6 14. Qc2 b5 15. a4 Nd6 16. axb5 Nxb5 17. Nf4 Rb6 18. Bxb5 Rxb5 19. Rxe6 fxe6 20. Nxe6 Qd6 21. Nxf8 h6 22. Ng6 1-0

[Event "New York 1000 GM Summer IM-D"]
[Site "New York"]
[Date "2024.07.13"]
[Round "6"]
[White "Rajesh, CS."]
[Black "Sochacki, Wojtek"]
[Result "1/2-1/2"]
[WhiteElo "2258"]
[BlackElo "2319"]
[PlyCount "30"]
[EventDate "2024.07.10"]
[EventType "tourn"]
[EventRounds "9"]
[EventCountry "USA"]
[EventCategory "1"]
[SourceTitle "CBM 221 Extra"]
[Source "ChessBase"]
[SourceDate "2024.09.30"]
[SourceVersion "1"]
[SourceVersionDate "2024.09.30"]
[SourceQuality "1"]

1. Nf3 d5 2. g3 c5 3. Bg2 Nc6 4. 0-0 e5 5. c4 d4 6. d3 Nf6 7. e3 Be7 8. exd4 exd4 9. Re1 0-0 10. Bf4 Nh5 11. Bd2 Nf6 12. Bf4 Nh5 13. Bc1 Nf6 14. Bf4 Nh5 15. Bd2 Nf6 1/2-1/2

[Event "New York 1000 GM Summer IM-D"]
[Site "New York"]
[Date "2024.07.13"]
[Round "7"]
[White "Sochacki, Wojtek"]
[Black "Sun, Ryan"]
[Result "1-0"]
[WhiteElo "2319"]
[BlackElo "2312"]
[PlyCount "89"]
[EventDate "2024.07.10"]
[EventType "tourn"]
[EventRounds "9"]
[EventCountry "USA"]
[EventCategory "1"]
[SourceTitle "CBM 221 Extra"]
[Source "ChessBase"]
[SourceDate "2024.09.30"]
[SourceVersion "1"]
[SourceVersionDate "2024.09.30"]
[SourceQuality "1"]

1. e4 c5 2. Nf3 Nc6 3. Bb5 Nf6 4. Bxc6 dxc6 5. d3 g6 6. Be3 b6 7. h3 Bg7 8. Nc3 Nd7 9. Qc1 h6 10. a4 a5 11. Nd2 0-0 12. Nc4 Kh7 13. f4 Ba6 14. Nd2 e5 15. f5 gxf5 16. exf5 c4 17. dxc4 Bxc4 18. g4 Bd5 19. 0-0 Qh4 20. Kh2 Nf6 21. Rg1 h5 22. gxh5 Qxh5 23. Rg5 Qh4 24. Nxd5 cxd5 25. Rxg7+ Kxg7 26. Qg1+ Kh7 27. Bg5 Ng4+ 28. Qxg4 Qxg4 29. hxg4 Rg8 30. Nf3 Kg7 31. f6+ Kg6 32. Kg3 Rae8 33. Rh1 Rh8 34. Rxh8 Rxh8 35. Nxe5+ Kh7 36. Nxf7 Rg8 37. Kf4 Rc8 38. c3 d4 39. cxd4 Rc1 40. Kf5 Rf1+ 41. Bf4 b5 42. g5 Rg1 43. g6+ Rxg6 44. Ng5+ Kh6 45. Ne6+ 1-0

[Event "New York 1000 GM Summer IM-D"]
[Site "New York"]
[Date "2024.07.12"]
[Round "5"]
[White "Sochacki, Wojtek"]
[Black "Yudasin, Leonid"]
[Result "1/2-1/2"]
[WhiteElo "2319"]
[BlackElo "2336"]
[PlyCount "33"]
[EventDate "2024.07.10"]
[EventType "tourn"]
[EventRounds "9"]
[EventCountry "USA"]
[EventCategory "1"]
[SourceTitle "CBM 221 Extra"]
[Source "ChessBase"]
[SourceDate "2024.09.30"]
[SourceVersion "1"]
[SourceVersionDate "2024.09.30"]
[SourceQuality "1"]

1. e4 c5 2. Nf3 d6 3. d4 cxd4 4. Nxd4 Nf6 5. Nc3 Nc6 6. Be2 e5 7. Nb3 Be7 8. 0-0 0-0 9. Bf3 a5 10. Be3 Be6 11. Re1 a4 12. Nc1 Qa5 13. Nd5 Bxd5 14. exd5 Nb8 15. Bd2 Qb5 16. Nd3 Nxd5 17. Bxd5 1/2-1/2

[Event "New York 1000 GM Summer IM-D"]
[Site "New York"]
[Date "2024.07.11"]
[Round "3"]
[White "Reiss, Aiden"]
[Black "Sochacki, Wojtek"]
[Result "1/2-1/2"]
[WhiteElo "2161"]
[BlackElo "2319"]
[PlyCount "46"]
[EventDate "2024.07.10"]
[EventType "tourn"]
[EventRounds "9"]
[EventCountry "USA"]
[EventCategory "1"]
[SourceTitle "CBM 221 Extra"]
[Source "ChessBase"]
[SourceDate "2024.09.30"]
[SourceVersion "1"]
[SourceVersionDate "2024.09.30"]
[SourceQuality "1"]

1. e4 e5 2. Nf3 Nc6 3. Bb5 a6 4. Ba4 Nf6 5. 0-0 Be7 6. Re1 b5 7. Bb3 0-0 8. a4 d5 9. axb5 dxe4 10. bxc6 exf3 11. Qxf3 e4 12. Qe2 Bd6 13. h3 Re8 14. Nc3 Re5 15. Ra4 Bf5 16. Rxa6 Rb8 17. Bc4 Bxh3 18. gxh3 Rg5+ 19. Kf1 Qc8 20. Qe3 Rg3 21. fxg3 Qxh3+ 22. Ke2 Qh5+ 23. Kf1 Qh3+ 1/2-1/2

[Event "Clichy rapid op"]
[Site "Clichy"]
[Date "2022.07.??"]
[Round "5"]
[White "Halkias, Stelios"]
[Black "Sochacki, Wojtek"]
[Result "0-1"]
[WhiteElo "2536"]
[BlackElo "2282"]
[PlyCount "74"]
[EventDate "2022.07.09"]
[EventType "swiss (rapid)"]
[EventRounds "11"]
[EventCountry "FRA"]
[SourceTitle "EXT 2025"]
[Source "ChessBase"]
[SourceDate "2024.10.14"]
[SourceVersion "1"]
[SourceVersionDate "2024.10.14"]
[SourceQuality "1"]

1. Nf3 d5 2. d4 Nf6 3. c4 dxc4 4. e3 e6 5. Bxc4 a6 6. 0-0 c5 7. e4 b5 8. Bd3 Bb7 9. Qe2 cxd4 10. a4 bxa4 11. Rxa4 Bc5 12. Bg5 h6 13. Bh4 Qd7 14. Qc2 0-0 15. Bxf6 gxf6 16. Ra5 Be7 17. Qd2 Kg7 18. Rh5 Rh8 19. Qf4 Nc6 20. Qg3+ Kf8 21. Nbd2 Nb4 22. Bc4 Rc8 23. b3 Na2 24. Qh3 Nc3 25. Rxh6 Kg7 26. Rh4 Rxh4 27. Nxh4 Rh8 28. Qg4+ Kf8 29. Re1 f5 30. Nxf5 exf5 31. exf5 Qd6 32. g3 Qc6 33. f3 d3 34. Bxd3 Bc5+ 35. Kg2 Rxh2+ 36. Kxh2 Qh6+ 37. Kg2 Qxd2+ 0-1

[Event "Clichy rapid op"]
[Site "Clichy"]
[Date "2022.07.??"]
[Round "8"]
[White "Sochacki, Wojtek"]
[Black "Grezels, Florian"]
[Result "1/2-1/2"]
[WhiteElo "2285"]
[BlackElo "2092"]
[PlyCount "183"]
[EventDate "2022.07.09"]
[EventType "swiss (rapid)"]
[EventRounds "11"]
[EventCountry "FRA"]
[SourceTitle "EXT 2025"]
[Source "ChessBase"]
[SourceDate "2024.10.14"]
[SourceVersion "1"]
[SourceVersionDate "2024.10.14"]
[SourceQuality "1"]

1. d4 Nf6 2. Nf3 e6 3. c4 c5 4. d5 exd5 5. cxd5 d6 6. Nc3 g6 7. Bf4 Bg7 8. Qa4+ Bd7 9. Qb3 Qc7 10. e4 Nh5 11. Be3 0-0 12. Be2 f5 13. exf5 gxf5 14. Ng5 Nf6 15. 0-0 Kh8 16. Rad1 Ne4 17. Ncxe4 fxe4 18. Nxe4 Bf5 19. Ng3 Bg6 20. f4 Nd7 21. Bh5 c4 22. Qb4 Rae8 23. Bd4 Nf6 24. Bxg6 hxg6 25. f5 g5 26. Qd2 Nh7 27. f6 Bxf6 28. Bxf6+ Rxf6 29. Rxf6 Nxf6 30. Qxg5 Qg7 31. Qxg7+ Kxg7 32. Nf5+ Kg6 33. Nxd6 Re2 34. Nxc4 Rc2 35. b3 b5 36. Ne5+ Kf5 37. Nf3 Rxa2 38. Nd4+ Ke4 39. Nxb5 Nxd5 40. Rd4+ Ke3 41. Rd1 Nf4 42. g3 Nh3+ 43. Kf1 Rf2+ 44. Ke1 Rxh2 45. Kf1 Rh1+ 46. Kg2 Rxd1 47. Kxh3 Kf3 48. Kh4 a6 49. Nc7 a5 50. Ne6 Rh1+ 51. Kg5 Kxg3 52. Nd4 Kf2 53. Kf4 Rh4+ 54. Ke5 Rh3 55. Kd5 Ke3 56. Nc6 Rh5+ 57. Kc4 Kd2 58. b4 axb4 59. Nxb4 Rh4+ 60. Kc5 Kc3 61. Nd5+ Kd3 62. Ne7 Rh5+ 63. Kd6 Kc4 64. Ke6 Kd4 65. Ng8 Ra5 66. Nf6 Rb5 67. Nd7 Rh5 68. Nf6 Rh6 69. Kf5 Rh8 70. Ke6 Ra8 71. Kf5 Ra5+ 72. Kf4 Ra1 73. Kf5 Re1 74. Ng4 Rg1 75. Nf6 Re1 76. Ng4 Re8 77. Nf6 Rf8 78. Ke6 Rh8 79. Kf5 Ra8 80. Ke6 Ra5 81. Nd7 Ra6+ 82. Kf5 Rd6 83. Nf6 Rd8 84. Ng4 Rf8+ 85. Nf6 Ra8 86. Ng4 Ra1 87. Nf6 Rf1+ 88. Ke6 Rh1 89. Kf5 Rg1 90. Ke6 Rg6 91. Kf5 Rxf6+ 92. Kxf6 1/2-1/2

[Event "FRA-chT Top 16 Gp Basse"]
[Site "Chartres"]
[Date "2022.06.16"]
[Round "1.2"]
[White "Le Hetet, Nicolas"]
[Black "Sochacki, Wojtek"]
[Result "1-0"]
[WhiteElo "2372"]
[BlackElo "2324"]
[PlyCount "79"]
[EventDate "2022.06.16"]
[EventType "team-tourn"]
[EventRounds "4"]
[EventCountry "FRA"]
[SourceTitle "CBM 208 Extra"]
[Source "ChessBase"]
[SourceDate "2022.07.31"]
[SourceVersion "1"]
[SourceVersionDate "2022.07.31"]
[SourceQuality "1"]
[WhiteTeam "Agen"]
[BlackTeam "US Villejuif Echecs"]
[WhiteTeamCountry "FRA"]
[BlackTeamCountry "FRA"]

1. e4 c5 2. Nf3 d6 3. d4 cxd4 4. Nxd4 Nf6 5. Nc3 g6 6. Be3 Bg7 7. Be2 Nc6 8. Nb3 0-0 9. f4 Be6 10. 0-0 Qc8 11. h3 Rd8 12. Bf3 Bc4 13. Rf2 d5 14. exd5 Nxd5 15. Nxd5 e6 16. Rd2 Bxd5 17. Bxd5 Rxd5 18. Rxd5 exd5 19. c3 Qe6 20. Qf3 Re8 21. Re1 Qf5 22. g4 Qd3 23. Qe2 Qe4 24. Nc5 Qe7 25. Qd2 Qc7 26. Qxd5 Rd8 27. Qf3 h6 28. Kg2 b6 29. Nb3 Qd7 30. Re2 Re8 31. Bf2 Rc8 32. Rd2 Qe8 33. Rd6 g5 34. Nd4 Na5 35. Nf5 Qf8 36. Bd4 Bxd4 37. Rxd4 f6 38. Rd7 Kh8 39. Nd6 Rc6 40. Qe4 1-0

[Event "FRA-chT Top 16 GpA"]
[Site "Chartres"]
[Date "2022.06.14"]
[Round "6.3"]
[White "Sochacki, Wojtek"]
[Black "Maze, Sebastien"]
[Result "0-1"]
[WhiteElo "2324"]
[BlackElo "2529"]
[PlyCount "46"]
[EventDate "2022.06.09"]
[EventType "team-tourn"]
[EventRounds "7"]
[EventCountry "FRA"]
[SourceTitle "CBM 208 Extra"]
[Source "ChessBase"]
[SourceDate "2022.07.31"]
[SourceVersion "1"]
[SourceVersionDate "2022.07.31"]
[SourceQuality "1"]
[WhiteTeam "US Villejuif Echecs"]
[BlackTeam "Bischwiller"]
[WhiteTeamCountry "FRA"]
[BlackTeamCountry "FRA"]

1. e4 c6 2. Nf3 d5 3. Nc3 Bg4 4. h3 Bxf3 5. Qxf3 e6 6. Be2 g6 7. 0-0 Bg7 8. d3 Nd7 9. Re1 Ne7 10. Bf1 0-0 11. Bg5 Re8 12. Qe2 h6 13. Bd2 a5 14. a4 Qb6 15. Kh1 Nc5 16. Reb1 Rad8 17. Qe1 Qc7 18. b4 axb4 19. Rxb4 Ra8 20. Qe3 Qa5 21. Rab1 Na6 22. R4b3 d4 23. Nd5 exd5 0-1

[Event "FRA-chT Top 16 GpA"]
[Site "Chartres"]
[Date "2022.06.10"]
[Round "2.3"]
[White "Song, Julien"]
[Black "Sochacki, Wojtek"]
[Result "1/2-1/2"]
[WhiteElo "2402"]
[BlackElo "2324"]
[PlyCount "88"]
[EventDate "2022.06.09"]
[EventType "team-tourn"]
[EventRounds "7"]
[EventCountry "FRA"]
[SourceTitle "CBM 208 Extra"]
[Source "ChessBase"]
[SourceDate "2022.07.31"]
[SourceVersion "1"]
[SourceVersionDate "2022.07.31"]
[SourceQuality "1"]
[WhiteTeam "Paris Club 608"]
[BlackTeam "US Villejuif Echecs"]
[WhiteTeamCountry "FRA"]
[BlackTeamCountry "FRA"]

1. d4 d5 2. c4 dxc4 3. Nf3 Nf6 4. e3 e6 5. Bxc4 a6 6. 0-0 c5 7. dxc5 Bxc5 8. Qxd8+ Kxd8 9. Ne5 Ke8 10. Be2 Nbd7 11. Nd3 Be7 12. Bd2 Ne4 13. Rc1 Nxd2 14. Nxd2 Rb8 15. Nb3 Bd6 16. Rc2 Nb6 17. Bf3 Ke7 18. Ndc5 Nd7 19. Ne4 Be5 20. Na5 f5 21. Nd2 Rd8 22. Rac1 Nb6 23. Ndb3 Na4 24. Nd4 Bxd4 25. exd4 Nb6 26. Rc7+ Rd7 27. b3 Kd8 28. Rxd7+ Kxd7 29. Kf1 Nd5 30. Bxd5 exd5 31. h4 Kd6 32. b4 Bd7 33. f3 b6 34. Nb3 Bb5+ 35. Kf2 Re8 36. Rc2 Bd3 37. Rd2 Bc4 38. Nc1 Kc6 39. a4 a5 40. bxa5 bxa5 41. Rb2 Kc7 42. g3 g6 43. Ne2 Bxe2 44. Rxe2 Rxe2+ 1/2-1/2

[Event "Titled Tuesday intern op 07th Jun Early"]
[Site "Chess.com INT"]
[Date "2022.06.07"]
[Round "1"]
[White "Sochacki, Wojtek"]
[Black "Salinas Herrera, Pablo Patricio"]
[Result "0-1"]
[WhiteElo "2324"]
[BlackElo "2532"]
[PlyCount "78"]
[EventDate "2022.06.07"]
[EventType "swiss (blitz)"]
[EventRounds "11"]
[EventCountry "USA"]
[SourceTitle "CBM 208 Extra"]
[Source "ChessBase"]
[SourceDate "2022.07.31"]
[SourceVersion "1"]
[SourceVersionDate "2022.07.31"]
[SourceQuality "1"]

1. e4 c5 2. Nf3 e6 3. d4 cxd4 4. Nxd4 a6 5. c4 Qc7 6. Nc3 b6 7. a3 Bb7 8. Be2 d6 9. 0-0 Nd7 10. Be3 Ngf6 11. f3 Be7 12. Rc1 0-0 13. Kh1 Rac8 14. Bg1 Qb8 15. Qe1 Rfe8 16. Qg3 h5 17. Rfd1 Ne5 18. b3 h4 19. Qf2 h3 20. g4 Ng6 21. Qg3 Qa8 22. Be3 d5 23. cxd5 exd5 24. e5 Bxa3 25. Rc2 Rxe5 26. f4 Ree8 27. Qxh3 Bb4 28. Rdc1 Bxc3 29. Rxc3 Rxc3 30. Rxc3 Ne4 31. Rc7 Qb8 32. Rd7 Qc8 33. Rxf7 Kxf7 34. f5 Nf4 35. Qh4 Nxe2 36. Qh5+ Kg8 37. Nxe2 d4 38. Bxd4 Ng3+ 39. Kg1 Nxe2+ 0-1

[Event "Cappelle Online Blitz op"]
[Site "Europe Echecs INT"]
[Date "2022.01.09"]
[Round "5"]
[White "Sochacki, Wojtek"]
[Black "Terry, Renato"]
[Result "0-1"]
[WhiteElo "2324"]
[BlackElo "2504"]
[PlyCount "86"]
[EventDate "2022.01.09"]
[EventType "swiss (blitz)"]
[EventRounds "11"]
[EventCountry "FRA"]
[SourceTitle "EXT 2023"]
[Source "ChessBase"]
[SourceDate "2022.10.05"]
[SourceVersion "1"]
[SourceVersionDate "2022.10.05"]
[SourceQuality "1"]

1. d4 e6 2. c4 Bb4+ 3. Bd2 Qe7 4. Nf3 Nf6 5. g3 Nc6 6. Nc3 0-0 7. Bg2 d6 8. 0-0 Bxc3 9. Bxc3 Ne4 10. Rc1 Nxc3 11. Rxc3 e5 12. d5 Nb8 13. b4 Bg4 14. c5 a5 15. a3 Na6 16. cxd6 cxd6 17. Qb3 Qd8 18. h3 Bxf3 19. Bxf3 axb4 20. axb4 Qb6 21. Rc4 f5 22. Rfc1 Rae8 23. Kg2 e4 24. Bh5 g6 25. b5 Nc5 26. Rxc5 dxc5 27. d6+ Kg7 28. Qc3+ Kg8 29. Qc4+ Rf7 30. Rd1 gxh5 31. d7 Rd8 32. Rd5 Qe6 33. Qxc5 Rdxd7 34. Qc8+ Kg7 35. Qc3+ Qf6 36. Qc4 Rxd5 37. Qxd5 Re7 38. e3 Qe5 39. Qd8 h4 40. gxh4 Qf6 41. h5 Kh6 42. Kf1 Kxh5 43. Kg2 Rg7+ 0-1

[Event "Titled Tuesday intern op 16th Nov"]
[Site "Chess.com INT"]
[Date "2021.11.16"]
[Round "11"]
[White "Blokhin, Sofia"]
[Black "Sochacki, Wojtek"]
[Result "0-1"]
[WhiteElo "2032"]
[BlackElo "2324"]
[PlyCount "80"]
[EventDate "2021.11.16"]
[EventType "swiss (blitz)"]
[EventRounds "11"]
[EventCountry "USA"]
[SourceTitle "CBM 205 Extra"]
[Source "ChessBase"]
[SourceDate "2022.01.31"]
[SourceVersion "1"]
[SourceVersionDate "2022.01.31"]
[SourceQuality "1"]

1. e4 c6 2. Nf3 d5 3. Nc3 d4 4. Ne2 c5 5. c3 Nc6 6. cxd4 cxd4 7. Qa4 Bd7 8. Nexd4 e5 9. Nxc6 Bxc6 10. Bb5 Qc7 11. Bxc6+ bxc6 12. Nxe5 Ne7 13. Nf3 g6 14. 0-0 Bg7 15. d4 0-0 16. Qc2 Rad8 17. d5 Qd6 18. dxc6 Nxc6 19. Bg5 Nb4 20. Qb3 Rb8 21. Qa3 Rfe8 22. Rfd1 Qe6 23. Bf4 Nc2 24. Qa4 Rxb2 25. Rd6 Nxa1 26. h3 Rb1+ 27. Kh2 Qe7 28. Nd2 Rb6 29. Rd7 Qb4 30. Qd1 Qb2 31. Nf3 Nc2 32. Rd8 Rbe6 33. Ng5 R6e7 34. Qd5 Qf6 35. g3 h6 36. e5 Qb6 37. Nxf7 Rxd8 38. Nxd8+ Kh7 39. Nf7 Qxf2+ 40. Kh1 Rc7 0-1

[Event "Titled Tuesday intern op 16th Nov"]
[Site "Chess.com INT"]
[Date "2021.11.16"]
[Round "9"]
[White "Iljushina, Olga"]
[Black "Sochacki, Wojtek"]
[Result "1-0"]
[WhiteElo "2054"]
[BlackElo "2324"]
[PlyCount "131"]
[EventDate "2021.11.16"]
[EventType "swiss (blitz)"]
[EventRounds "11"]
[EventCountry "USA"]
[SourceTitle "CBM 205 Extra"]
[Source "ChessBase"]
[SourceDate "2022.01.31"]
[SourceVersion "1"]
[SourceVersionDate "2022.01.31"]
[SourceQuality "1"]

1. d4 Nf6 2. c4 c5 3. d5 e6 4. Nc3 exd5 5. cxd5 d6 6. e4 g6 7. Bd3 Bg7 8. Nf3 0-0 9. h3 a6 10. a4 Re8 11. 0-0 Nbd7 12. Bf4 Nh5 13. Bh2 Ne5 14. Nxe5 Bxe5 15. Bxe5 Rxe5 16. f4 Re8 17. Qf3 c4 18. Bxc4 Qb6+ 19. Qf2 Qb4 20. Bd3 f5 21. exf5 Bxf5 22. Bxf5 gxf5 23. Qh4 Qd4+ 24. Kh2 Ng7 25. Rad1 Qb4 26. Rd2 Re3 27. Re1 Rae8 28. Rxe3 Rxe3 29. Qf2 Re7 30. g3 Ne8 31. Re2 Kf7 32. Rxe7+ Kxe7 33. Qe2+ Kd8 34. h4 Nf6 35. Kh3 Ng4 36. Qe6 Qb6 37. a5 Qg1 38. Qxd6+ Ke8 39. Qe6+ Kd8 40. Qd6+ Kc8 41. Qf8+ Kc7 42. Qe7+ Kb8 43. Qd6+ Ka8 44. Qd8+ Ka7 45. Qb6+ Qxb6 46. axb6+ Kxb6 47. b4 a5 48. bxa5+ Kxa5 49. Ne2 Kb5 50. Nd4+ Kc5 51. Nxf5 Nf6 52. Ne3 b5 53. g4 b4 54. g5 Nd7 55. f5 b3 56. Nd1 Kd4 57. g6 hxg6 58. fxg6 Kxd5 59. h5 Kd4 60. h6 Kd3 61. h7 Kd2 62. Nb2 Nc5 63. h8Q Kc2 64. Qe5 Nd3 65. Nxd3 Kxd3 66. g7 1-0

[Event "Titled Tuesday intern op 16th Nov"]
[Site "Chess.com INT"]
[Date "2021.11.16"]
[Round "7"]
[White "Sochacki, Wojtek"]
[Black "Antonova, Nadezhda"]
[Result "0-1"]
[WhiteElo "2324"]
[BlackElo "1842"]
[PlyCount "124"]
[EventDate "2021.11.16"]
[EventType "swiss (blitz)"]
[EventRounds "11"]
[EventCountry "USA"]
[SourceTitle "CBM 205 Extra"]
[Source "ChessBase"]
[SourceDate "2022.01.31"]
[SourceVersion "1"]
[SourceVersionDate "2022.01.31"]
[SourceQuality "1"]

1. e4 c5 2. c3 d5 3. exd5 Qxd5 4. Nf3 Bg4 5. Be2 Nf6 6. d4 Nc6 7. Be3 cxd4 8. cxd4 e6 9. Nc3 Bb4 10. 0-0 Qd8 11. a3 Be7 12. Qa4 0-0 13. Rfd1 Nd5 14. Rac1 a6 15. h3 Bh5 16. Ne5 Nxc3 17. bxc3 Bxe2 18. Rd2 Bb5 19. Qd1 Nxe5 20. dxe5 Qc8 21. c4 Bc6 22. Bb6 Bg5 23. Rcc2 Bxd2 24. Rxd2 h6 25. f3 Qb8 26. Rd6 Rc8 27. c5 Be8 28. Qd2 Bc6 29. Qa5 Bd5 30. Kh2 Bc6 31. Kg3 Rf8 32. h4 Qe8 33. f4 Qe7 34. Qd2 f6 35. Kh2 fxe5 36. fxe5 Qxh4+ 37. Kg1 Rf5 38. Rd8+ Rxd8 39. Bxd8 Qh5 40. Qd4 Qf7 41. Bh4 Rf1+ 42. Kh2 Qf4+ 43. Qxf4 Rxf4 44. g3 Re4 45. Kh3 Rxe5 46. Be7 Rd5 47. Bd6 Kf7 48. Bc7 Ke8 49. Bb6 Kd7 50. Kg4 Bb5 51. Kf4 Kc6 52. Ke4 Rxc5 53. Bd8 Rc4+ 54. Ke5 Rg4 55. Kxe6 Rxg3 56. Ke5 Rxa3 57. Kd4 Rd3+ 58. Ke4 Rxd8 59. Kf5 Re8 60. Kg6 a5 61. Kh7 a4 62. Kg6 a3 0-1

[Event "Titled Tuesday intern op 16th Nov"]
[Site "Chess.com INT"]
[Date "2021.11.16"]
[Round "10"]
[White "Sochacki, Wojtek"]
[Black "Florianovitz, Derlei Alex"]
[Result "0-1"]
[WhiteElo "2324"]
[BlackElo "2040"]
[PlyCount "72"]
[EventDate "2021.11.16"]
[EventType "swiss (blitz)"]
[EventRounds "11"]
[EventCountry "USA"]
[SourceTitle "CBM 205 Extra"]
[Source "ChessBase"]
[SourceDate "2022.01.31"]
[SourceVersion "1"]
[SourceVersionDate "2022.01.31"]
[SourceQuality "1"]

1. e4 e6 2. d4 d5 3. Nd2 c5 4. c3 cxd4 5. cxd4 Nc6 6. Ne2 Qb6 7. exd5 exd5 8. Nf3 Nf6 9. Nc3 Bg4 10. Na4 Bb4+ 11. Bd2 Qa5 12. Bc3 Bxc3+ 13. bxc3 0-0 14. Be2 b5 15. Nc5 Qxc3+ 16. Kf1 Bxf3 17. Bxf3 Qxd4 18. Qxd4 Nxd4 19. Rd1 Nxf3 20. gxf3 Rac8 21. Nb3 Rc2 22. Kg2 Rxa2 23. Ra1 Rxa1 24. Rxa1 Ra8 25. Ra5 a6 26. Nc5 Kf8 27. Kg3 Ke7 28. Kf4 Kd6 29. Nxa6 Ne8 30. Ra2 Nc7 31. Nb4 Rxa2 32. Nxa2 Kc5 33. h4 b4 34. h5 Kc4 35. Ke5 b3 36. Nc1 b2 0-1

[Event "Titled Tuesday intern op 16th Nov"]
[Site "Chess.com INT"]
[Date "2021.11.16"]
[Round "8"]
[White "Steil Antoni, Fiona"]
[Black "Sochacki, Wojtek"]
[Result "0-1"]
[WhiteElo "2163"]
[BlackElo "2324"]
[PlyCount "90"]
[EventDate "2021.11.16"]
[EventType "swiss (blitz)"]
[EventRounds "11"]
[EventCountry "USA"]
[SourceTitle "CBM 205 Extra"]
[Source "ChessBase"]
[SourceDate "2022.01.31"]
[SourceVersion "1"]
[SourceVersionDate "2022.01.31"]
[SourceQuality "1"]

1. e4 e5 2. Bc4 Be7 3. d3 Nf6 4. Nc3 0-0 5. f4 d6 6. Nf3 Nbd7 7. 0-0 c6 8. Bb3 b5 9. f5 a5 10. a3 Qb6+ 11. Kh1 Re8 12. h3 Bf8 13. g4 Bb7 14. g5 Nh5 15. Kh2 d5 16. Nxe5 Bd6 17. Qxh5 Nxe5 18. Bf4 b4 19. axb4 axb4 20. Rxa8 Rxa8 21. Ne2 g6 22. fxg6 hxg6 23. Qh6 Qc7 24. d4 Nc4 25. e5 Bf8 26. Qh4 Ba6 27. Qf2 Qb6 28. h4 Nxb2 29. e6 Bxe2 30. Qxe2 Qxd4 31. exf7+ Kh7 32. Be5 Qxh4+ 33. Kg2 Qxg5+ 34. Kf2 Rd8 35. Rh1+ Bh6 36. Bxb2 Qf4+ 37. Qf3 Qd2+ 38. Kg3 Qg5+ 39. Qg4 Qe3+ 40. Qf3 Qg5+ 41. Kf2 Qd2+ 42. Qe2 Qf4+ 43. Ke1 Qxf7 44. Qh2 Re8+ 45. Kd1 Qf3+ 0-1

[Event "EU-ch qual Online"]
[Site "Tornelo INT"]
[Date "2020.12.18"]
[Round "6"]
[White "Sochacki, Wojtek"]
[Black "Fiedorek, Michal"]
[Result "1-0"]
[WhiteElo "2320"]
[BlackElo "2176"]
[PlyCount "95"]
[EventDate "2020.12.18"]
[EventType "swiss"]
[EventRounds "11"]
[EventCountry "POL"]
[SourceTitle "CBM 199 Extra"]
[Source "ChessBase"]
[SourceDate "2021.01.31"]
[SourceVersion "1"]
[SourceVersionDate "2021.01.31"]
[SourceQuality "1"]

1. e4 c5 2. Nf3 d6 3. d4 cxd4 4. Qxd4 Nf6 5. h3 Nc6 6. Qe3 g6 7. c4 Bg7 8. Nc3 0-0 9. Be2 Be6 10. 0-0 Rc8 11. Rd1 Qa5 12. Bd2 Qc5 13. Rac1 Qxe3 14. Bxe3 Nd7 15. b3 Nc5 16. Ng5 h6 17. Bxc5 hxg5 18. Be3 Bf6 19. Nd5 Bxd5 20. cxd5 Ne5 21. a4 a6 22. g3 Kg7 23. f4 gxf4 24. gxf4 Nd7 25. Bg4 Rxc1 26. Rxc1 Nc5 27. e5 Bh4 28. Bxc5 dxc5 29. Rxc5 Bg3 30. Rc4 Rd8 31. Bf3 f6 32. Kg2 Be1 33. Rc7 fxe5 34. fxe5 Bh4 35. Rxb7 Kf8 36. Be4 Rc8 37. Kf3 Rc3+ 38. Kg4 Bf2 39. Bxg6 Rg3+ 40. Kf5 Be3 41. h4 Bd2 42. d6 exd6 43. exd6 Rf3+ 44. Ke6 Re3+ 45. Kd5 Rg3 46. h5 Bf4 47. Rf7+ Kg8 48. Rxf4 1-0

[Event "Titled Tuesday intern op 17th Nov"]
[Site "Chess.com INT"]
[Date "2020.11.17"]
[Round "4"]
[White "Oliveira, Silvio Eduardo"]
[Black "Sochacki, Wojtek"]
[Result "1-0"]
[WhiteElo "2304"]
[BlackElo "2320"]
[PlyCount "59"]
[EventDate "2020.11.17"]
[EventType "swiss (blitz)"]
[EventRounds "11"]
[EventCountry "USA"]
[SourceTitle "CBM 199 Extra"]
[Source "ChessBase"]
[SourceDate "2021.01.31"]
[SourceVersion "1"]
[SourceVersionDate "2021.01.31"]
[SourceQuality "1"]

1. e4 c5 2. Nf3 d6 3. d4 cxd4 4. Nxd4 Nf6 5. Nc3 g6 6. f4 Bg7 7. e5 dxe5 8. fxe5 Nfd7 9. e6 Nf6 10. Bb5+ Kf8 11. exf7 Qb6 12. Be3 Kxf7 13. Bc4+ e6 14. Nf5 Qc7 15. Nb5 Qe5 16. Nbd6+ Kf8 17. Nxc8 gxf5 18. Qd8+ Kf7 19. Nd6+ Kg6 20. Qe7 Qxe3+ 21. Be2 Rf8 22. Rf1 Nc6 23. Qxb7 Ne4 24. Rf3 Qd2+ 25. Kf1 Nd4 26. Nxe4 Qxe2+ 27. Kg1 fxe4 28. Rg3+ Kh6 29. Qxg7+ Kh5 30. Qg5# 1-0